|
|
|
|
| LEADER |
01467cam a2200301 a 4500 |
| 001 |
0000039835 |
| 005 |
19990512090000.0 |
| 040 |
|
|
|a mod
|
| 041 |
|
|
|a eng
|
| 020 |
0 |
0 |
|a 9678901439
|
| 090 |
0 |
0 |
|a 341.59563
|b MAL
|
| 110 |
0 |
0 |
|a MALAYSIA (Arms Act, 1960)
|
| 245 |
0 |
0 |
|a Arms Act 206 of 1960:Arms Licensing Regulations & Firearms (increased penaltics) Act 37 of 1971 (as at 25 June 1988)
|b Legal Reaserch Board
|
| 260 |
0 |
0 |
|a Kuala Lumpur
|b ILBS
|c 1988
|
| 300 |
0 |
0 |
|a iv, 76p.
|c 24cm
|
| 650 |
0 |
0 |
|a Arms and armor
|x Law and legislation
|z Malaysia
|
| 710 |
0 |
0 |
|a Legal Research Board
|
| 852 |
0 |
0 |
|a 01
|
| 999 |
|
|
|a 0086372
|b KEMENTAH
|d BOOKS
|e Rujukan
|f Perpustakaan KEMENTAH
|j AVAILABLE
|q OLD
|
| 999 |
|
|
|a 0103077
|b KEMENTAH
|d BOOKS
|e Rujukan
|f Perpustakaan KEMENTAH
|j AVAILABLE
|q OLD
|
| 999 |
|
|
|a B000000156
|b KOLEJ PERISIKAN ATM
|d BOOKS
|e Umum
|f Kolej Perisikan ATM dulu PULARIS
|j FINAL PROCESSING
|q GOOD CONDITION
|
| 999 |
|
|
|a B000018085
|b PULAPOT
|d BOOKS
|e Umum
|f PULAPOT
|j AVAILABLE
|q GOOD CONDITION
|
| 999 |
|
|
|a B000018086
|b PULAPOT
|d BOOKS
|e Umum
|f PULAPOT
|j AVAILABLE
|q GOOD CONDITION
|
| 999 |
|
|
|a B000018087
|b PULAPOT
|d BOOKS
|e Umum
|f PULAPOT
|j AVAILABLE
|q GOOD CONDITION
|
| 999 |
|
|
|a B000018088
|b PULAPOT
|d BOOKS
|e Umum
|f PULAPOT
|j AVAILABLE
|q GOOD CONDITION
|
| 999 |
|
|
|a B000018089
|b PULAPOT
|d BOOKS
|e Umum
|f PULAPOT
|j AVAILABLE
|q GOOD CONDITION
|
| 999 |
|
|
|a B000018090
|b PULAPOT
|d BOOKS
|e Umum
|f PULAPOT
|j AVAILABLE
|q GOOD CONDITION
|
| 999 |
|
|
|a B000018091
|b PULAPOT
|d BOOKS
|e Umum
|f PULAPOT
|j AVAILABLE
|q GOOD CONDITION
|